Gender, power and sexuality

Αποθηκεύτηκε σε:
Λεπτομέρειες βιβλιογραφικής εγγραφής
Άλλοι συγγραφείς: Abbott, Pamela (Επιμελητής έκδοσης), Wallace, Claire (Επιμελητής έκδοσης)
Μορφή: Βιβλίο
Γλώσσα:English
Δημοσίευση: London : MacMillan, 1991
Θέματα:
Ετικέτες: Προσθήκη ετικέτας
Δεν υπάρχουν, Καταχωρήστε ετικέτα πρώτοι!

MARC

LEADER 00000nam a2200000 i 4500
001 1/20291
008 970613s1991 eng d
020 |a 0-333-54278-9 
035 |a 1995  |b 3  |c Φιοραβάντες  |l 10035997 
040 |a GR-MY-UA  |b gre  |e aacr 
041 0 |a eng 
082 0 |a 305.4201 
245 1 0 |a Gender, power and sexuality /  |c edited by Pamela Abbott, Claire Wallace 
260 |a London :   |b MacMillan,   |c 1991 
300 |a 199 p. 
650 0 0 |a Feminist theory  |x Congresses. 
650 0 0 |a Patriarchy  |x Congresses. 
700 1 |a Abbott, Pamela.  |4 edt 
700 1 |a Wallace, Claire.  |4 edt 
852 |a INST  |b RHODES  |e 19970613  |h 305.4201 GEN  |p 005400011484  |q 005400011484  |t BK  |y 0 
909 |a Ρ  |b 044879  |c 1995